[Event "Xtracon Chess Open 2016"]
[Site "Helsingor"]
[Date "2016.07.30"]
[Round "9"]
[White "Fressinet, Laurent"]
[Black "Buchal, Stephan"]
[Result "1-0"]
[WhiteElo "2677"]
[BlackElo "2338"]
[Annotator "Stephan Buchal"]
[PlyCount "69"]
[EventDate "2016.??.??"]
[EventCountry "DEN"]
[SourceTitle "playchess.com"]
[Source "ChessBase"]
[TimeControl "40/5400+30:1800+30"]

1. e4 {[%emt 0:00:00]} g6 {[%emt 0:00:00]} 2. d4 {[%emt 0:00:00]} Bg7 {[%emt 0:
00:00]} 3. Nc3 {[%emt 0:00:10]} d6 {[%emt 0:00:00]} 4. Be3 {[%emt 0:00:05]} a6
{[%emt 0:00:17]} 5. Nf3 {[%emt 0:00:14]} b5 {[%emt 0:01:06] 92 - 91} 6. Bd3 {
[%emt 0:00:35]} Nd7 {[%emt 0:03:59]} 7. e5 {[%emt 0:01:54] Auch Laurent hatte
eine sehr spezielle Variante gegen mich vorbereitet! Auch das hatte ich noch
nie auf dem Brett, wusste aber natürlich, dass der Tiger das alles behandelt .
..} Bb7 {[%emt 0:02:07]} 8. e6 {[%emt 0:00:31]} fxe6 {[%emt 0:00:12]} 9. Ng5 {
[%emt 0:00:07]} Nf8 {[%emt 0:00:18]} 10. O-O {[%emt 0:00:15]} Nf6 {[%emt 0:05:
06] 91 - 81} 11. Re1 {[%emt 0:02:40] Soweit alles ganz flüssig vorgetragen,
von Laurent à tempo, von mir etwas zögerlich ... Jetzt hatte ich das dumpfe
Gefühl, dass es 11...h6 und 11...Dd7 gibt und versuchte ein bisschen in die
Geheimnisse von ...h6 vorzudringen. Aber das wurde mir gegen Carlsens
Sekundanten unheimlich und ich brach die Berechnung ab. Tatsächlich ist 11...
h6 möglich, ziemlich irrational und reichlich unklar.} Qd7 {[%emt 0:11:06]
Die normale Fortsetzung.} (11... h6 12. Bxg6+ Nxg6 13. Nxe6 Qd7 14. Nxg7+ Kf7
15. Nh5 Qc6 (15... b4 16. Nxf6 exf6 17. Ne2 Rag8 18. d5 $14) 16. d5 Nxd5 17.
Ne4 (17. Qg4 Rag8 18. Ne4 Ke8 $11) 17... Rag8 18. Nhg3 Ke8) 12. Bd2 {[%emt 0:
01:04]} h6 {[%emt 0:07:09]} 13. Nf3 {[%emt 0:02:28]} Rb8 {[%emt 0:05:20]
Während der Partie hielt ich das für schlaue Prophylaxe gegen das kommende
14.a4 b4, wonach der b-Bauer indirekt gedeckt ist. Wie ich später - beim
Studium vom "Modern Tiger" feststellen konnte, wurde dieser Zug schon 1998 von
Svidler gegen Anand gespielt und bekam von Anand im Informator ein !.
Außerdem war es die Empfehlung in "Tiger's Modern" - also waren meine
Theoriekenntnisse leider wieder auf dem Stand von vorgestern ...} (13... g5 {
"Modern Tiger"} 14. Qe2 g4 15. Nh4 h5 16. Ng6 b4 17. Ne4 Nxg6 18. Nxf6+ Bxf6
19. Bxg6+ Kd8 20. c3 (20. Qxe6 Qxe6 21. Rxe6 Bd5 22. Re2 Bxd4) 20... Qc6 21.
Qf1 $11) (13... b4 {Houdini 3 x64:} 14. Ne4 Nxe4 15. Bxe4 Bxe4 16. Rxe4 Rb8 17.
c3 bxc3 18. Bxc3 g5 19. Qc2 Rg8 20. Ne1 Qc6 21. Qe2 Kd8 22. Nd3 Qb5 23. Rc1 a5
24. b3 Rb6 25. Be1 Qf5 26. Bd2 Qd5 27. Rc4 Ng6 28. g3 {+0.22}) 14. Qe2 $1 {
[%emt 0:04:00]} Kf7 {[%emt 0:05:43]} (14... g5 {ist immer noch besser}) 15. a4
{[%emt 0:07:30]} b4 {[%emt 0:02:34] 75 - 52} 16. Nd1 {[%emt 0:02:36]} a5 {
[%emt 0:02:51]} 17. Ne3 {[%emt 0:02:51]} Bd5 $2 {[%emt 0:08:45]} (17... Ne4
$142 18. c3 (18. Bc1 Ng5 $1 19. Nxg5+ hxg5 20. c3 Ba8 $14) 18... Nxd2 19. Nxd2
Kg8 $14) 18. c3 $16 {[%emt 0:16:52]} g5 {[%emt 0:05:08]} 19. h3 {[%emt 0:04:36]
} Bxf3 $2 {[%emt 0:18:14] Mit wenig Zeit auf der Uhr versuche ich hier
vergeblich Gegenspiel am Königsflügel zu initiieren. Das beschleunigt meinen
Untergang.} 20. Qxf3 {[%emt 0:00:24]} h5 {[%emt 0:00:43] 50 - 19} 21. Qe2 {
[%emt 0:14:54]} Bh6 {[%emt 0:04:13]} 22. Nc4 {[%emt 0:03:04]} bxc3 23. bxc3 {
[%emt 0:00:22]} g4 {[%emt 0:01:33]} 24. Bxh6 {[%emt 0:00:37]} Rxh6 {[%emt 0:00:
04]} 25. Qd2 {[%emt 0:00:22]} Kg7 {[%emt 0:04:09] 34 - 11} (25... Rg6 $5 26. h4
$1 $16 (26. Bxg6+ Nxg6 27. hxg4 hxg4 28. Nxa5 Rh8 $13)) 26. h4 $18 {[%emt 0:00:
18] Schwarz hat keinen Hauch von Gegenspiel am Königsflügel, steht am
Damenflügel pleite und produziert in Zeitnot nur noch Unsinn ... aber darauf
kam es schon nicht mehr an.} N6h7 $2 {[%emt 0:01:41]} 27. Nxa5 {[%emt 0:01:50]}
Ra8 $2 {[%emt 0:00:40]} 28. Bb5 $18 {[%emt 0:01:24] Den hatte ich "von Ferne"
völlig übersehen.} Qc8 {[%emt 0:03:05]} 29. Nc6 {[%emt 0:00:29]} Qe8 {
[%emt 0:00:49]} 30. g3 {[%emt 0:02:27]} Qf7 {[%emt 0:01:40] 30 - 6} 31. a5 {
[%emt 0:01:27]} Rf6 {[%emt 0:01:34]} 32. a6 {[%emt 0:00:37]} Nd7 {[%emt 0:03:
26]} 33. a7 {[%emt 0:02:17]} Nb6 {[%emt 0:00:22]} 34. Nb8 {[%emt 0:01:24]} Qf8
{[%emt 0:00:31]} 35. Nd7 {[%emt 0:00:40]} 1-0

[Event "Czech Open Pardubice"]
[Site "?"]
[Date "2016.07.30"]
[Round "9"]
[White "Kardoeus, David"]
[Black "Moroder, Stefan"]
[Result "1-0"]
[WhiteElo "2137"]
[BlackElo "2209"]
[PlyCount "75"]
[SourceDate "2015.04.14"]

1. e4 c6 2. d4 d5 3. e5 c5 4. dxc5 Nc6 5. Nf3 Bg4 6. c3 e6 7. Be3 Nge7 8. Bb5
a6 9. Ba4 Qc7 10. Nbd2 O-O-O 11. Bd4 Ng6 12. Bxc6 Qxc6 13. b4 f6 14. Qb3 Qc7
15. exf6 e5 16. Be3 gxf6 17. a4 Be7 18. b5 f5 19. bxa6 bxa6 20. c6 Qxc6 21. Rb1
f4 22. Nxe5 Nxe5 23. Qb8+ Kd7 24. Rb7+ Ke6 25. Rxe7+ Kxe7 26. Qxe5+ Qe6 27.
Qxf4 Rhg8 28. h3 Bf5 29. Qb4+ Kf7 30. g4 Be4 31. f3 d4 32. Nxe4 dxe3 33. Qc5 e2
34. Kxe2 Rge8 35. Kf2 h6 36. Re1 Kg7 37. Re2 Rd5 38. Qc4 1-0

[Event "Czech Open Pardubice"]
[Site "?"]
[Date "2016.07.29"]
[Round "8"]
[White "Nguyen, Alex Dac Vuong"]
[Black "Kardoeus, David"]
[Result "0-1"]
[WhiteElo "1968"]
[BlackElo "2137"]
[PlyCount "62"]
[SourceDate "2015.04.14"]

1. e4 e5 2. Nf3 Nc6 3. Bc4 Bc5 4. c3 Nf6 5. d3 a6 6. Nbd2 d6 7. Bb3 h6 8. O-O
Ba7 9. Re1 Ng4 10. Re2 g5 11. Nf1 Qf6 12. Be3 Nxe3 13. Nxe3 Be6 14. Nd5 Bxd5
15. exd5 Ne7 16. Qe1 g4 17. Nd2 Qg6 18. d4 f6 19. Ba4+ Kf8 20. dxe5 fxe5 21. c4
Kg7 22. Nf1 Raf8 23. Bc2 Rxf2 24. Rxf2 Qxc2 25. Ne3 Qe4 26. Re2 Nf5 27. Kh1
Nxe3 28. Rc1 Rf8 29. c5 Bxc5 30. Rxc5 dxc5 31. Rxe3 Qxe3 0-1

[Event "Czech Open Pardubice"]
[Site "?"]
[Date "2016.07.28"]
[Round "7"]
[White "Kardoeus, David"]
[Black "Zhuravlev, Stepan"]
[Result "1/2-1/2"]
[WhiteElo "2137"]
[BlackElo "2030"]
[PlyCount "86"]
[SourceDate "2015.04.14"]

1. e4 e5 2. Nf3 Nc6 3. Bb5 a6 4. Bxc6 dxc6 5. O-O Bg4 6. h3 Bh5 7. g4 Bg6 8.
Nxe5 Bd6 9. Nc4 h5 10. d3 Qd7 11. Nxd6+ Qxd6 12. e5 Qe6 13. Bf4 hxg4 14. hxg4
O-O-O 15. Nc3 Rd4 16. Bg3 Rxg4 17. Kg2 Rg5 18. Rh1 Rxh1 19. Qxh1 Rh5 20. Qf1
Qh3+ 21. Kf3 Rf5+ 22. Ke2 Qg4+ 23. Ke1 Qf3 24. Kd2 Qg4 25. Re1 Qg5+ 26. Re3 Rf3
27. Qh3+ Kb8 28. e6 Rxe3 29. fxe3 fxe6 30. Qxe6 Qxg3 31. Qxg8+ Ka7 32. Qc4 Qh2+
33. Ne2 Bh5 34. d4 Bf3 35. Qd3 Qg2 36. Ke1 Qh1+ 37. Kd2 g5 38. e4 Bxe4 39. Qg3
Qb1 40. Qc3 Qxa2 41. Qc5+ Kb8 42. Qf8+ Ka7 43. Qc5+ Kb8 1/2-1/2

[Event "Czech Open Pardubice"]
[Site "?"]
[Date "2016.07.27"]
[Round "6"]
[White "Bartos, Vaclav"]
[Black "Kardoeus, David"]
[Result "0-1"]
[WhiteElo "2017"]
[BlackElo "2137"]
[PlyCount "102"]
[SourceDate "2015.04.14"]

1. c4 Nf6 2. Nf3 g6 3. g3 Bg7 4. Bg2 O-O 5. O-O d6 6. Nc3 Nc6 7. Rb1 e5 8. d3
h6 9. b4 Qe7 10. Nd5 Nxd5 11. cxd5 Nd8 12. b5 a6 13. a4 axb5 14. axb5 b6 15.
Be3 f5 16. Qc2 g5 17. Rfc1 f4 18. gxf4 gxf4 19. Bd2 Rf7 20. Bc3 Bf5 21. Nd2 Nb7
22. Ra1 Rxa1 23. Rxa1 Nc5 24. Ne4 Bf8 25. Nxc5 dxc5 26. Kh1 Rg7 27. Rg1 Qf6 28.
Bf3 Rg5 29. Qc1 Qg7 30. Rxg5 hxg5 31. Qa1 Bd6 32. Qa8+ Qf8 33. Qa1 Qe8 34. Qg1
Qe7 35. Qg2 Bd7 36. Bg4 Bxb5 37. Be6+ Kf8 38. h4 Qg7 39. hxg5 Be7 40. g6 Qh6+
41. Kg1 Bd6 42. Qg4 Kg7 43. Bf7 f3 44. Qxf3 Qc1+ 45. Kg2 Qxc3 46. Qh5 Qd4 47.
Qh7+ Kf6 48. Qh8+ Ke7 49. g7 Qg4+ 50. Kf1 Kxf7 51. Qh7 Qxg7 0-1

[Event "Czech Open Pardubice"]
[Site "?"]
[Date "2016.07.26"]
[Round "5"]
[White "Kardoeus, David"]
[Black "Granovskiy, Alexandr"]
[Result "0-1"]
[WhiteElo "2137"]
[BlackElo "2292"]
[PlyCount "80"]
[SourceDate "2015.04.14"]

1. e4 e5 2. Nf3 Nc6 3. Bb5 a6 4. Bxc6 dxc6 5. O-O Bg4 6. h3 h5 7. d3 Qf6 8.
Nbd2 g5 9. b3 Bd6 10. Bb2 Qg7 11. Nc4 f6 12. Qe2 c5 13. a4 Be6 14. Nh2 Ne7 15.
f3 Ng6 16. Rf2 Nf4 17. Qf1 O-O-O 18. Bc1 Rh6 19. Rb1 Rg8 20. Kh1 g4 21. fxg4
hxg4 22. Bxf4 exf4 23. Nxd6+ cxd6 24. Rxf4 g3 25. Kg1 gxh2+ 26. Kh1 Rg6 27. g4
d5 28. Qf2 dxe4 29. Qxc5+ Qc7 30. Qxc7+ Kxc7 31. dxe4 Rh6 32. Rf3 Rgh8 33. Rc3+
Kb8 34. Kxh2 Bxg4 35. Rg1 Rxh3+ 36. Rxh3 Rxh3+ 37. Kg2 Rc3 38. Rc1 Bf3+ 39. Kg3
Bxe4+ 40. Kf4 f5 0-1

[Event "Czech Open Pardubice"]
[Site "?"]
[Date "2016.07.25"]
[Round "4"]
[White "Netusil, Jakub"]
[Black "Kardoeus, David"]
[Result "1/2-1/2"]
[WhiteElo "1919"]
[BlackElo "2137"]
[PlyCount "110"]
[SourceDate "2015.04.14"]

1. d4 Nf6 2. Nf3 g6 3. Bf4 Bg7 4. e3 Nh5 5. Be5 f6 6. Bg3 Nxg3 7. hxg3 e5 8.
dxe5 fxe5 9. Nc3 d6 10. Bc4 Bg4 11. Qd5 Qe7 12. Qxb7 c6 13. Qxa8 Qc7 14. O-O-O
h5 15. e4 Ke7 16. Bd5 Kd7 17. Rd3 Rc8 18. Nb5 cxb5 19. Qb7 b4 20. Qxc7+ Rxc7
21. Bf7 Na6 22. Rhd1 Rc6 23. Bxg6 Nc5 24. Rd5 Ke7 25. Bf5 a5 26. Bxg4 hxg4 27.
Nh4 Ke6 28. Nf5 Bf8 29. f3 a4 30. Kb1 a3 31. b3 Rb6 32. Rh1 Rb7 33. Rh8 Rf7 34.
Kc1 Be7 35. Rh6+ Kd7 36. Nxe7 Kxe7 37. Rhxd6 gxf3 38. gxf3 Rxf3 39. Rd1 Nxe4
40. Rb6 Nc3 41. Re1 Nxa2+ 42. Kd2 Rxg3 43. Rxe5+ Kd7 44. Rh5 Kc7 45. Rf6 Rg7
46. Rc5+ Kb7 47. Rb5+ Ka7 48. Rbf5 Rd7+ 49. Ke3 Nc3 50. Rf7 Rxf7 51. Rxf7+ Kb6
52. Rf1 a2 53. Rf6+ Kb5 54. Rf5+ Kb6 55. Rf6+ Kb5 1/2-1/2

[Event "Czech Open Pardubice"]
[Site "?"]
[Date "2016.07.24"]
[Round "3"]
[White "Kardoeus, David"]
[Black "Kutzner, Joachim"]
[Result "1-0"]
[WhiteElo "2137"]
[BlackElo "2023"]
[PlyCount "59"]
[SourceDate "2015.04.14"]

1. Nf3 Nf6 2. b3 g6 3. Bb2 Bg7 4. e3 O-O 5. c4 c5 6. Be2 Nc6 7. O-O Re8 8. d4
cxd4 9. exd4 d5 10. Nc3 Bf5 11. Ne5 dxc4 12. Nxc6 bxc6 13. Bxc4 Nd5 14. Nxd5
cxd5 15. Bd3 Qd7 16. Ba3 Rac8 17. Bc5 Bg4 18. Qd2 e5 19. Rac1 e4 20. Ba6 Rb8
21. Rc3 Re6 22. Qf4 Ree8 23. a4 h5 24. Bb5 Rxb5 25. axb5 Qxb5 26. Bxa7 Ra8 27.
Rc7 f5 28. Rfc1 Re8 29. Qg5 e3 30. Rxg7+ 1-0

[Event "Czech Open Pardubice"]
[Site "?"]
[Date "2016.07.23"]
[Round "2"]
[White "Kubat, Pavel"]
[Black "Kardoeus, David"]
[Result "0-1"]
[WhiteElo "1978"]
[BlackElo "2137"]
[PlyCount "90"]
[SourceDate "2015.04.14"]

1. d4 Nf6 2. c4 g6 3. Nc3 Bg7 4. g3 O-O 5. Bg2 d6 6. Nf3 Nc6 7. O-O a6 8. d5
Na5 9. Qd3 c5 10. e4 b5 11. cxb5 axb5 12. Nxb5 Ba6 13. a4 Nd7 14. Re1 Qb6 15.
Be3 Bxb5 16. axb5 Bxb2 17. Rab1 Bg7 18. Bf1 Nb7 19. Nd2 Ne5 20. Qc2 Ra3 21. f4
Rc3 22. Qa4 Ng4 23. Nc4 Rxc4 24. Bxc4 Nxe3 25. Rxe3 Bd4 26. Rbb3 Na5 27. Ra3
Nxc4 28. Qxc4 Rb8 29. e5 Qxb5 30. Qxb5 Rxb5 31. Kg2 Bxe3 32. Rxe3 Rb2+ 33. Kf3
Rd2 34. exd6 exd6 35. Re8+ Kg7 36. Ke3 Rxd5 37. g4 h5 38. g5 c4 39. Rc8 Rc5 40.
Ra8 c3 41. Ra1 Kf8 42. Kd4 c2 43. Rc1 Ke7 44. Kd3 Ke6 45. Rxc2 Rxc2 0-1

[Event "Czech Open Pardubice"]
[Site "?"]
[Date "2016.07.22"]
[Round "1"]
[White "Kardoeus, David"]
[Black "Merkel, Toni"]
[Result "1-0"]
[WhiteElo "2137"]
[BlackElo "1911"]
[PlyCount "69"]
[SourceDate "2015.04.14"]

1. e4 c5 2. Nf3 d6 3. d4 cxd4 4. Nxd4 Nf6 5. Nc3 g6 6. Be3 Bg7 7. f3 O-O 8. Qd2
Nc6 9. g4 Nxd4 10. Bxd4 Be6 11. h4 Qa5 12. a3 Rac8 13. b4 Qc7 14. O-O-O a6 15.
Kb2 b5 16. h5 Bc4 17. h6 Bh8 18. g5 Nd7 19. Bxh8 Kxh8 20. Qd4+ f6 21. Bh3 Rcd8
22. Bxd7 Rxd7 23. gxf6 e5 24. Qe3 Rxf6 25. Nd5 Bxd5 26. Rxd5 Rdf7 27. Qd2 Rxf3
28. Rxd6 Rf2 29. Rd8+ Rf8 30. Rxf8+ Rxf8 31. Qd5 Rd8 32. Rf1 Qe7 33. Rf7 Qe8
34. Qb7 Qg8 35. Qe7 1-0

[Event "Team-Open Pardubice"]
[Site "?"]
[Date "2016.07.17"]
[Round "6"]
[White "Kardoeus, David"]
[Black "Vavra, Michal"]
[Result "1-0"]
[WhiteElo "2137"]
[BlackElo "1963"]
[PlyCount "61"]
[SourceDate "2015.04.14"]

1. e4 c5 2. Nf3 d6 3. d4 cxd4 4. Nxd4 Nf6 5. Nc3 g6 6. Be3 Bg7 7. f3 O-O 8. Qd2
Nc6 9. g4 Qa5 10. h4 h5 11. Nb3 Qd8 12. gxh5 Ne5 13. Be2 Nxh5 14. Rg1 Nf6 15.
O-O-O Be6 16. Nd4 Bc4 17. f4 Bxe2 18. Qxe2 Ned7 19. f5 Rc8 20. fxg6 Rxc3 21.
bxc3 Qa5 22. gxf7+ Kxf7 23. Qc4+ d5 24. exd5 Ne5 25. Qb3 Rc8 26. d6+ Nc4 27.
Rg5 Qa3+ 28. Qxa3 Nxa3 29. Nf5 Bh8 30. d7 Rxc3 31. Nh6+ 1-0

[Event "Team-Open Pardubice"]
[Site "?"]
[Date "2016.07.17"]
[Round "7"]
[White "Tesar, Jan"]
[Black "Kardoeus, David"]
[Result "1-0"]
[WhiteElo "2094"]
[BlackElo "2137"]
[PlyCount "61"]
[SourceDate "2015.04.14"]

1. d4 Nf6 2. Bg5 c5 3. Nc3 cxd4 4. Qxd4 g6 5. Bxf6 exf6 6. Ne4 Be7 7. Nd6+ Kf8
8. Qd5 Bxd6 9. Qxd6+ Kg7 10. e3 Qa5+ 11. c3 b6 12. Nf3 Bb7 13. Nd4 Re8 14. Bb5
Nc6 15. a4 Nxd4 16. Qxd4 Re4 17. Qd2 Rxa4 18. Bxa4 b5 19. O-O bxa4 20. Qxd7 Qb6
21. Qxa4 Rd8 22. Rfd1 Bc6 23. Qc2 Rb8 24. b4 h5 25. Qd3 Re8 26. Qd4 Qb5 27. f3
a6 28. Kf2 g5 29. Ra5 Qb8 30. Rxg5+ Kf8 31. Rxh5 1-0

[Event "Team-Open Pardubice"]
[Site "?"]
[Date "2016.07.16"]
[Round "3"]
[White "Vaculik, Jakub"]
[Black "Kardoeus, David"]
[Result "1/2-1/2"]
[WhiteElo "2210"]
[BlackElo "2137"]
[PlyCount "127"]
[SourceDate "2015.04.14"]

1. a3 e5 2. e3 d5 3. d4 exd4 4. exd4 Nf6 5. c4 c6 6. Nc3 Be7 7. Nf3 O-O 8. Be3
Re8 9. cxd5 Nxd5 10. Nxd5 Qxd5 11. Be2 Bg4 12. O-O Nd7 13. h3 Bh5 14. g4 Bg6
15. Rc1 Bf6 16. Bc4 Qd6 17. Bd3 Bxd3 18. Qxd3 Ne5 19. Nxe5 Bxe5 20. Qb3 Bxd4
21. Bxd4 Qxd4 22. Qxb7 Rab8 23. Qxc6 Qxb2 24. Qc5 Rb3 25. Rfe1 Rd8 26. Qe7 Rbb8
27. Rc7 Rf8 28. Rxa7 Qc3 29. Qe3 Qb2 30. a4 Rb3 31. Qe7 g6 32. Kg2 Ra3 33. Re3
Ra1 34. Re1 Ra2 35. Qe3 Qb4 36. Qe4 Qc5 37. Qe3 Qb4 38. Qe4 Qc5 39. Qe3 Qb4 40.
Rd1 Rxa4 41. Rxa4 Qxa4 42. Rd4 Qc6+ 43. Qf3 Qxf3+ 44. Kxf3 Kg7 45. Kf4 h5 46.
gxh5 Kh6 47. hxg6 fxg6+ 48. Kg3 Rf5 49. f3 Rb5 50. Ra4 Rc5 51. Rh4+ Kg7 52. Re4
Kh6 53. h4 Rb5 54. Kg4 Ra5 55. f4 Rb5 56. Re5 Rb1 57. h5 Rg1+ 58. Kh4 Rh1+ 59.
Kg4 Rxh5 60. Rxh5+ gxh5+ 61. Kf5 h4 62. Kg4 Kg6 63. Kxh4 Kf5 64. Kg3 1/2-1/2

[Event "Team-Open Pardubice"]
[Site "?"]
[Date "2016.07.16"]
[Round "4"]
[White "Kardoeus, David"]
[Black "Cuhra, Martin"]
[Result "1-0"]
[WhiteElo "2137"]
[BlackElo "2174"]
[PlyCount "63"]
[SourceDate "2015.04.14"]

1. e4 c5 2. Nf3 Nc6 3. d4 cxd4 4. Nxd4 g6 5. c4 Bg7 6. Be3 Nf6 7. Nc3 Ng4 8.
Qxg4 Nxd4 9. Qd1 Ne6 10. Rc1 d6 11. Be2 O-O 12. O-O a5 13. b3 Bd7 14. Bg4 Bc6
15. Bxe6 fxe6 16. Qg4 Qc8 17. Rfd1 Bxc3 {(=)} 18. Rxc3 e5 19. Qh4 Qe6 20. a4
Rfd8 21. Bg5 Rd7 22. Rh3 h5 23. f3 Rc7 24. g4 Be8 25. gxh5 gxh5 26. Rg3 Kh7 27.
Rd5 Bf7 28. f4 Rg8 29. f5 Qc8 30. Bxe7 Rd7 31. Rdd3 Qc5+ 32. Kg2 1-0

[Event "Team-Open Pardubice"]
[Site "?"]
[Date "2016.07.16"]
[Round "5"]
[White "Potapov, Alexander"]
[Black "Kardoeus, David"]
[Result "1-0"]
[WhiteElo "2401"]
[BlackElo "2137"]
[PlyCount "69"]
[SourceDate "2015.04.14"]

1. d4 Nf6 2. c4 g6 3. Nc3 Bg7 4. e4 d6 5. h3 O-O 6. Bg5 c6 7. Bd3 Nbd7 8. Nge2
e5 9. d5 h6 10. Be3 Nc5 11. Bc2 a5 12. Qd2 Kh7 13. g4 Ng8 14. Ng3 Bf6 15. O-O-O
Ra6 16. f3 Bh4 17. Rdg1 f6 18. f4 Bd7 19. f5 Be8 20. fxg6+ Bxg6 21. Nf5 Bg5 22.
h4 Bxe3 23. Qxe3 Bxf5 24. exf5 Ne7 25. g5 b5 26. gxf6 Rxf6 27. dxc6 bxc4 28. c7
Qe8 29. Nd5 Nxd5 30. Qg3 Rf7 31. Qg6+ Kh8 32. Qxf7 Qxf7 33. c8=Q+ Kh7 34. f6+
e4 35. Rg7+ 1-0

[Event "Team-Open Pardubice"]
[Site "?"]
[Date "2016.07.15"]
[Round "2"]
[White "Kardoeus, David"]
[Black "Pribyl, Jaroslav"]
[Result "0-1"]
[WhiteElo "2137"]
[BlackElo "1920"]
[PlyCount "62"]
[SourceDate "2015.04.14"]

1. e4 c6 2. Nc3 d5 3. Nf3 dxe4 4. Nxe4 Bg4 5. h3 Bxf3 6. Qxf3 Nd7 7. d4 Ngf6 8.
Bd3 Nxe4 9. Qxe4 Nf6 10. Qh4 e6 11. O-O Be7 12. c3 Qd5 13. Re1 Nd7 14. Qg3
O-O-O 15. b4 Bf6 16. b5 Nc5 17. bxc6 bxc6 18. Bc2 Nd7 19. Be4 Qa5 20. Bf4 e5
21. dxe5 Bxe5 22. Bxe5 Qxe5 23. Qxe5 Nxe5 24. Bf5+ Nd7 25. Re7 g6 26. Bg4 f5
27. Bf3 Rde8 28. Rxe8+ Rxe8 29. Bxc6 Re2 30. Rd1 Ne5 31. Rd5 Nxc6 0-1

[Event "Team-Open Pardubice"]
[Site "?"]
[Date "2016.07.14"]
[Round "1"]
[White "Vochozka, Jindrich"]
[Black "Kardoeus, David"]
[Result "0-1"]
[WhiteElo "1791"]
[BlackElo "2137"]
[PlyCount "66"]
[SourceDate "2015.04.14"]

1. d4 Nf6 2. c4 Nc6 3. Nc3 e5 4. d5 Ne7 5. e4 Ng6 6. Be3 Bb4 7. f3 O-O 8. Nge2
b6 9. a3 Bc5 10. Qd2 Bxe3 11. Qxe3 d6 12. b4 a5 13. b5 Nd7 14. Na4 f5 15. exf5
Rxf5 16. Ng3 Rf4 17. Ne4 Nh4 18. O-O-O Nf6 19. Nac3 Nf5 20. Qe1 Nxe4 21. Nxe4
Nd4 22. Qe3 Rf8 23. Be2 Bf5 24. Bd3 Qe7 25. Ng3 Bxd3 26. Rxd3 Rf4 27. Rhd1 Qg5
28. Ne4 Qxg2 29. Rxd4 Rxf3 30. Qd2 Qg6 31. Qe2 Rf4 32. Qe3 Raf8 33. Rg1 exd4
0-1

[Event "Vienna-Open"]
[Site "?"]
[Date "2016.08.23"]
[Round "9"]
[White "Hartmann, Jakob"]
[Black "Kardoeus, David"]
[Result "0-1"]
[WhiteElo "2037"]
[BlackElo "2127"]
[PlyCount "108"]
[SourceDate "2015.04.14"]

1. e4 c5 2. Nf3 Nc6 3. d4 cxd4 4. Nxd4 Nf6 5. Nc3 e5 6. Ndb5 d6 7. Bg5 a6 8.
Na3 b5 9. Nd5 Be7 10. Bxf6 Bxf6 11. c4 b4 12. Nc2 a5 13. Qf3 Bg5 14. h4 Bh6 15.
g4 Bf4 16. Nxf4 Qf6 17. g5 Qxf4 18. Be2 Qxf3 19. Bxf3 Be6 20. b3 Ke7 21. Ke2 h6
22. Bg2 a4 23. f4 hxg5 24. f5 Bd7 25. hxg5 Rxh1 26. Rxh1 axb3 27. axb3 Ra2 28.
Kd3 Rb2 29. Rh7 Rxb3+ 30. Kd2 Rg3 31. Ne3 Rxg5 32. Nd5+ Kd8 33. Rh8+ Be8 34.
Bf1 Rg1 35. Bd3 Rg2+ 36. Kc1 b3 37. c5 Ra2 38. cxd6 Kd7 39. Nb6+ Kxd6 40. Rxe8
Kc5 41. Nd5 Kd4 42. Bb1 Rh2 43. Rc8 Na5 44. Nb6 g5 45. Rd8+ Kc5 46. Na4+ Kb4
47. Nb6 Kb5 48. Nd5 Nc4 49. Nc3+ Kb4 50. Nd1 b2+ 51. Nxb2 Nxb2 52. Bc2 Kc3 53.
Rc8+ Nc4 54. Rc7 Rxc2+ 0-1

[Event "Vienna-Open"]
[Site "?"]
[Date "2016.08.22"]
[Round "8"]
[White "Kardoeus, David"]
[Black "Svicevic, Rastko"]
[Result "1/2-1/2"]
[WhiteElo "2127"]
[BlackElo "2265"]
[PlyCount "128"]
[SourceDate "2015.04.14"]

1. e4 c5 2. Nf3 Nc6 3. d4 cxd4 4. Nxd4 e5 5. Nb5 d6 6. N1c3 a6 7. Na3 Be6 8.
Nd5 Bxd5 9. exd5 Nd4 10. c3 Nf5 11. Nc2 g6 12. g3 h5 13. h4 Bh6 14. Bh3 Bxc1
15. Qxc1 Nge7 16. Ne3 Nxe3 17. Qxe3 Qa5 18. O-O Nxd5 19. Qf3 f5 20. c4 e4 21.
Qd1 Ne7 22. Qxd6 Rd8 23. Qe6 Rd3 24. Rfd1 Qd8 25. Rxd3 Qxd3 26. Bf1 Qd7 27. Qf6
Rf8 28. Qe5 Kf7 29. c5 Kg8 30. Bc4+ Kh7 31. Bb3 Nc6 32. Qf4 Rd8 33. Rd1 Nd4 34.
Kg2 Qe7 35. Qc1 Qf6 36. Qf4 Qe7 37. Qc1 Qf6 38. Qf4 Rd7 39. Qb8 Qd8 40. Qe5 Qh8
41. Bg8+ Qxg8 42. Rxd4 Rxd4 43. Qxd4 Qc8 44. b4 Kg8 45. a4 Qc6 46. Qc4+ Kf8 47.
b5 axb5 48. axb5 Qc7 49. Qd4 Kf7 50. Qd5+ Ke7 51. b6 Qd7 52. Qe5+ Kf7 53. Qc7
Ke6 54. c6 bxc6 55. Qb8 e3 56. Qg8+ Ke5 57. fxe3 Qd2+ 58. Kf3 Qd1+ 59. Kf2 Qc2+
60. Kf3 Qe4+ 61. Kf2 Qc2+ 62. Kf3 Qd1+ 63. Kf2 Qd2+ 64. Kf3 Qd1+ 1/2-1/2

[Event "Vienna-Open"]
[Site "?"]
[Date "2016.08.21"]
[Round "7"]
[White "Formento, Paolo"]
[Black "Kardoeus, David"]
[Result "1-0"]
[WhiteElo "2298"]
[BlackElo "2127"]
[PlyCount "91"]
[SourceDate "2015.04.14"]

1. Nf3 Nf6 2. c4 g6 3. Nc3 Bg7 4. e4 d6 5. d4 O-O 6. Be2 e5 7. d5 a5 8. Nd2 c5
9. g4 h6 10. h4 Nh7 11. Nf1 f5 12. gxf5 gxf5 13. exf5 e4 14. Nxe4 Qe7 15. Neg3
Nd7 16. Qc2 Ne5 17. Be3 Nf6 18. O-O-O a4 19. Nh2 a3 20. b3 Bd7 21. Rhe1 Ne8 22.
f6 Nxf6 23. Bd2 Nxd5 24. cxd5 Rxf2 25. Nhf1 Qxh4 26. Qe4 Qf6 27. Bc3 Re8 28.
Kb1 Qg5 29. Bd2 Qf6 30. Nh5 Qf5 31. Nfg3 Nc4 32. Qxf5 Nxd2+ 33. Rxd2 Bxf5+ 34.
Nxf5 Bc3 35. Rg1+ Kf8 36. Nxd6 Bxd2 37. Nxe8 Rxe2 38. Nd6 Bg5 39. Rf1+ Ke7 40.
Nc4 Rh2 41. Ng3 Bf6 42. Nf5+ Kd8 43. Nfd6 Bb2 44. Nxb7+ Ke8 45. Nxc5 h5 46. d6
1-0

[Event "Vienna-Open"]
[Site "?"]
[Date "2016.08.20"]
[Round "5"]
[White "Breitwieser, Jasmin"]
[Black "Kardoeus, David"]
[Result "0-1"]
[WhiteElo "1976"]
[BlackElo "2127"]
[PlyCount "58"]
[SourceDate "2015.04.14"]

1. d4 Nf6 2. c4 Nc6 3. Nc3 e5 4. d5 Ne7 5. e4 Ng6 6. g3 Bc5 7. h4 h5 8. Bg5 a5
9. Bh3 d6 10. Qf3 Bxh3 11. Nxh3 Nf8 12. Be3 N8d7 13. Bxc5 Nxc5 14. b3 Qd7 15.
Ng5 Ng4 16. Rb1 O-O 17. Qe2 f6 18. Nh3 f5 19. a3 fxe4 20. Nxe4 Qf5 21. f3 Qxf3
22. Qxf3 Rxf3 23. Nxc5 dxc5 24. Rg1 Raf8 25. Kd2 e4 26. Kc2 Ne3+ 27. Kb2 Nf5
28. Ng5 Rf2+ 29. Kc3 Nd4 0-1

[Event "Vienna-Open"]
[Site "?"]
[Date "2016.08.20"]
[Round "6"]
[White "Kardoeus, David"]
[Black "Sandhoefner, Florian"]
[Result "1-0"]
[WhiteElo "2127"]
[BlackElo "2290"]
[PlyCount "51"]
[SourceDate "2015.04.14"]

1. e4 c5 2. Nf3 d6 3. d4 cxd4 4. Nxd4 Nf6 5. Nc3 a6 6. Bg5 e6 7. f4 Be7 8. Qf3
h6 9. Bh4 Qc7 10. O-O-O Nbd7 11. Be2 Rg8 12. Qe3 g5 13. fxg5 hxg5 14. Bg3 Ne5
15. Nf3 Nh5 16. Nxe5 Nxg3 17. hxg3 dxe5 18. Rh7 g4 19. Qf2 f5 20. Kb1 f4 21.
Qf1 Bd7 22. Qh1 Qc5 23. Qh5+ Kd8 24. Qf7 Re8 25. Qxe6 Qc6 26. Bxg4 1-0